| 000 | 01619nam a2200385 i 4500 | ||
|---|---|---|---|
| 001 | 193366 | ||
| 003 | ES-MaACL | ||
| 005 | 20250814065130.0 | ||
| 007 | ta | ||
| 008 | 231106b sp ||||| |||| 00| 0 spa d | ||
| 040 |
_bspa _cES-MaACL |
||
| 080 | _a336 | ||
| 080 | _a911.3:33 | ||
| 100 | 1 |
_aFernández Cela, Juan Carlos _eaut _9234521 |
|
| 245 | 1 | 0 |
_aGeografía política de las finanzas : _btesis doctoral / _nJuan Carlos Fernández Cela ; director, Heriberto Cairo Carou |
| 260 |
_aMadrid : _bUniversidad Complutense de Madrid, Facultad de Ciencias Políticas y Sociología, _c2023 |
||
| 300 |
_a416 páginas : _bgráficos, mapas ; _c30 cm |
||
| 336 |
_2rdacontent _aTexto |
||
| 337 |
_2rdamedia _asin mediación |
||
| 338 |
_2rdacarrier _avolumen |
||
| 502 | _aTesis doctoral-Facultad de Ciencias Políticas y Sociología, UCM | ||
| 504 | _aReferencias bibliográficas | ||
| 650 | 4 |
_912870 _aFinanzas |
|
| 650 | 7 |
_aGeografía económica _2embne _913077 |
|
| 700 | 1 |
_9234522 _aCairo Carou, Heriberto _eths |
|
| 710 | 2 |
_97118 _aUniversidad Complutense de Madrid. _bFacultad de Ciencias Políticas y Sociología |
|
| 852 |
_aES-MaACL _bR. 154789 _cDEPOJ _jN-9504 _9200809 _gDedicatoria autógrafa del autor _hDonación: Juan Carlos Fernández Cela _xEncuadernación rústica |
||
| 903 |
_aFernández Cela, Juan Carlos _ednr _9234521 |
||
| 942 |
_n0 _cMONOGRAFIA |
||
| 999 |
_c193366 _d193366 |
||